Entry Personal Name
Number of records used in: 1
001 - CONTROL NUMBER
003 - CONTROL NUMBER IDENTIFIER
005 - DATE AND TIME OF LATEST TRANSACTION
- control field:
20210904103333.0
008 - FIXED-LENGTH DATA ELEMENTS
- fixed length control field:
210904|| aca||aabn | a|a d
040 ## - CATALOGING SOURCE
- Original cataloging agency:
OSt
- Transcribing agency:
OSt
100 ## - HEADING--PERSONAL NAME
- Personal name:
Seervai H, M
670 ## - SOURCE DATA FOUND
- Source citation:
Work cat.: (OSt)6414: Seervai H, M, Constitutional Law of India : A Critical Commentory I